Contribución al conocimiento del speothos venaticus lund, 1842 : (Registro nro. 8313)

Detalles MARC
000 -CABECERA
Campo de control interno 01721nam a2200229Ia 4500
008 - ELEMENTOS DE LONGITUD FIJA - INFORMACIÓN GENERAL
Campo de control de longitud fija 260220t1988||||xx |||||||||||||| ||spa||
040 ## - FUENTE DE CATALOGACIÓN
Agencia de catalogación original PY-SlUNAC
Idioma de catalogación spa
Convenciones de descripción rda
041 ## - CÓDIGO DE IDIOMA
Código de idioma para texto/pista de sonido o título separado spa
082 ## - NÚMERO DE CLASIFICACIÓN DECIMAL DEWEY
Clasificación Decimal Dewey (CDD) 591
Clasificación Expansiva de Cutter (EC) It1c
245 #0 - TÍTULO
Título Contribución al conocimiento del speothos venaticus lund, 1842 :
Subtítulo (carnívora, canide)
264 ## - PIE DE IMPRENTA
Lugar Asunción :
Editorial Itaipú Binacional,
Año ℗1988.
300 ## - DESCRIPCIÓN FÍSICA
Páginas 1 volumen
520 ## - NOTA DE RESUMEN
Nota de resumen El libro "Contribución al conocimiento del Speothos venaticus Lund, 1842" aborda aspectos fundamentales sobre la biología, ecología y comportamiento del lobo de crin, un miembro de la familia Canidae. Publicado en 1988 por Itaipú Binacional, el texto se centra en la distribución geográfica de esta especie, su hábitat preferido y las interacciones con otras especies en su ecosistema. A través de observaciones de campo y análisis de datos, el autor examina la dieta del Speothos venaticus, sus patrones de caza y su estructura social. Además, se discuten las implicaciones de la conservación, considerando las amenazas que enfrenta la especie debido a la pérdida de hábitat y la caza. El libro no solo contribuye al conocimiento científico sobre el lobo de crin, sino que también resalta la importancia de su conservación en el contexto de la biodiversidad del ecosistema en el que habita. Esta obra se presenta como un recurso valioso para investigadores y conservacionistas interesados en la fauna de la región.
653 ## - MATERIA - TÉRMINO TEMÁTICO NO CONTROLADO (PALABRAS CLAVE)
Materia - término temático no controlado (palabras clave) Conservación de la biodiversidad
653 ## - MATERIA - TÉRMINO TEMÁTICO NO CONTROLADO (PALABRAS CLAVE)
Materia - término temático no controlado (palabras clave) Especies en peligro
653 ## - MATERIA - TÉRMINO TEMÁTICO NO CONTROLADO (PALABRAS CLAVE)
Materia - término temático no controlado (palabras clave) Mamíferos
942 ## - ELEMENTOS PERSONALIZADOS (KOHA)
Fecha catalogación 2026/02/17
Tipo de documento Libros
Existencias
Fuente de Clasificacion Colección Ubicacion permanente Biblioteca actual Fecha de Ingreso a la Biblioteca Origen de adquisición Código de ubicación Código de barras Tipo de Item KOHA Nota pública
Dewey Decimal Classification Colección General (CG) Biblioteca e Internet, Facultad de Ciencias Exactas y Naturales Biblioteca e Internet, Facultad de Ciencias Exactas y Naturales 02/20/2026 Donación 591 It1c CG1673 Libros Material disponible en la Biblioteca e Intenet, Campus UNA, San Lorenzo.